[Event "FIDE Candidates 2021"]
[Site "Yekaterinburg RUS"]
[Date "2021.04.20"]
[Round "9.2"]
[White "Grischuk, Alexander"]
[Black "Nepomniachtchi, Ian"]
[Result "1/2-1/2"]
[WhiteElo "2777"]
[BlackElo "2774"]
[PlyCount "80"]
[EventDate "2021.04.19"]
[EventType "tourn"]
[EventRounds "14"]
[EventCountry "RUS"]
[SourceTitle "Ajedrez en Madrid"]
[Source "lmi"]
[SourceDate "2021.04.19"]
[SourceVersion "1"]
[SourceVersionDate "2021.04.30"]
[SourceQuality "1"]

1. d4 Nf6 2. c4 g6 3. Nc3 d5 4. cxd5 Nxd5 5. e4 Nxc3 6. bxc3 Bg7 7. Nf3 c5 8.
Rb1 O-O 9. h3 Nc6 10. d5 Bxc3+ 11. Bd2 Bxd2+ 12. Qxd2 Nd4 13. Nxd4 cxd4 14. Bc4
e5 15. O-O Qd6 16. f4 Rb8 17. fxe5 Qxe5 18. Qf4 Qxf4 19. Rxf4 Re8 20. Bb5 Rd8
21. Rbf1 Bd7 22. Bc4 Rbc8 23. Bb3 Bb5 24. R1f2 a5 25. d6 Bc4 26. Rxf7 Bxb3 27.
axb3 Rxd6 28. e5 Rb6 29. Rd7 Rf8 30. Ra2 Rxb3 31. Rxa5 Re3 32. Rb5 Re1+ 33. Kh2
Rf7 34. Rbxb7 Rxd7 35. Rxd7 Rxe5 36. Rxd4 Re7 37. Kg1 Kg7 38. Kh2 Rf7 39. Kg1
Re7 40. Kh2 Rf7 1/2-1/2

[Event "FIDE Candidates 2021"]
[Site "Yekaterinburg RUS"]
[Date "2021.04.24"]
[Round "12.4"]
[White "Wang, Hao"]
[Black "Nepomniachtchi, Ian"]
[Result "0-1"]
[WhiteElo "2762"]
[BlackElo "2774"]
[PlyCount "118"]
[EventDate "2021.04.19"]
[EventType "tourn"]
[EventRounds "14"]
[EventCountry "RUS"]
[SourceTitle "Ajedrez en Madrid"]
[Source "lmi"]
[SourceDate "2021.04.19"]
[SourceVersion "1"]
[SourceVersionDate "2021.04.30"]
[SourceQuality "1"]

1. e4 e5 2. Nf3 Nf6 3. Nxe5 d6 4. Nf3 Nxe4 5. d3 Nf6 6. d4 d5 7. Bd3 Bd6 8.
Qe2+ Qe7 9. Qxe7+ Kxe7 10. O-O Nc6 11. c3 h6 12. Nh4 Re8 13. Nf5+ Bxf5 14. Bxf5
Kf8 15. g3 Ne7 16. Bh3 Nc8 17. Nd2 a5 18. a4 c6 19. Rd1 h5 20. Nf1 g6 21. f3
Nb6 22. b3 Kg7 23. Kf2 Nbd7 24. Bg5 Nf8 25. Re1 Ne6 26. Be3 Rac8 27. Bd2 c5 28.
dxc5 Bxc5+ 29. Kg2 Bb6 30. Rab1 Rc6 31. b4 Nc7 32. Rxe8 Ncxe8 33. bxa5 Bxa5 34.
Rxb7 Nd6 35. Ra7 Bxc3 36. Bd7 Nxd7 37. Bxc3+ Rxc3 38. Rxd7 Rc6 39. Re7 Rc2+ 40.
Kg1 d4 41. Rd7 Nf5 42. a5 Ra2 43. Ra7 Kf6 44. a6 h4 45. Ra8 h3 46. a7 Ke7 47.
g4 Nd6 48. Rb8 Rxa7 49. Rb4 d3 50. Rb3 Ra2 51. Rxd3 Nc4 52. Ng3 Rg2+ 53. Kh1
Kf8 54. Rc3 Nb2 55. Rc8+ Kg7 56. Rd8 Rf2 57. Kg1 Rxf3 58. Ne4 Re3 59. Ng3 Ra3
0-1

[Event "FIDE Candidates 2021"]
[Site "Yekaterinburg RUS"]
[Date "2021.04.27"]
[Round "14.2"]
[White "Giri, Anish"]
[Black "Alekseenko, Kirill"]
[Result "0-1"]
[WhiteElo "2763"]
[BlackElo "2698"]
[PlyCount "112"]
[EventDate "2021.04.19"]
[EventType "tourn"]
[EventRounds "14"]
[EventCountry "RUS"]
[SourceTitle "Ajedrez en Madrid"]
[Source "lmi"]
[SourceDate "2021.04.19"]
[SourceVersion "1"]
[SourceVersionDate "2021.04.30"]
[SourceQuality "1"]

1. c4 Nf6 2. g3 e6 3. Bg2 d5 4. d4 Bb4+ 5. Nd2 O-O 6. Ngf3 b6 7. O-O Bb7 8. b3
Re8 9. Bb2 Nbd7 10. Qc2 Rc8 11. Rad1 c5 12. Qb1 Qe7 13. dxc5 Nxc5 14. cxd5 Bxd5
15. Ne5 Bxg2 16. Kxg2 Qb7+ 17. Kg1 b5 18. Nef3 Red8 19. a3 Bxd2 20. Bxf6 gxf6
21. Nxd2 Kg7 22. Nf3 Ne4 23. Rxd8 Rxd8 24. Qb2 a5 25. b4 a4 26. Rc1 Qd5 27. Qc2
Rd7 28. Kg2 Qb7 29. Kg1 Rd8 30. Kg2 Rd7 31. Kg1 Rd6 32. Kg2 Nd2 33. Rd1 Nc4 34.
Rxd6 Nxd6 35. Qd3 Nc4 36. e4 Qc6 37. g4 Qc7 38. Nd2 Ne5 39. Qe3 h6 40. f4 Nxg4
41. Qg3 f5 42. Kf1 h5 43. Ke2 Qb6 44. h3 h4 45. Qc3+ Nf6 46. exf5 exf5 47. Nf3
Qe6+ 48. Kd2 Qd5+ 49. Qd3 Ne4+ 50. Ke3 Qa2 51. Kd4 f6 52. Qf1 Qxa3 53. Kd5 Qxb4
54. Qg1+ Kf8 55. Ke6 Qe7+ 56. Kxf5 Ng3+ 0-1